[Event "9th HDBank Open 2019"]
[Site "Ho Chi Minh City"]
[Date "2019.03.08"]
[Round "2.12"]
[White "Pham, Le Thao Nguyen"]
[Black "Nguyen, Duc Hoa"]
[Result "1-0"]
[WhiteElo "2374"]
[BlackElo "2450"]
[Annotator "TA"]
[PlyCount "179"]
[EventDate "2019.03.07"]
[EventType "swiss"]
[EventCountry "VIE"]
[SourceTitle "playchess.com"]
[Source "ChessBase"]
[SourceQuality "1"]

{[%evp 14,179,0,-14,51,6,36,41,30,6,38,36,38,37,49,31,37,0,0,0,0,-6,0,-6,12,0,0,0,2,0,12,-16,-13,-16,0,0,0,0,45,56,90,91,91,31,29,35,30,31,51,12,18,8,77,18,39,8,11,8,8,8,8,9,226,219,176,163,411,396,370,227,227,222,99,22,30,33,35,42,51,8,57,8,8,8,8,8,59,59,166,60,29957,12838,29958,29957,29958,29961,29961,29961,29963,29951,8248,56,65,56,59,59,59,59,59,59,59,59,59,63,85,91,91,98,183,61,63,63,63,64,2133,64,89,8,69,102,103,91,12847,5562,29948,29950,29960,29961,29956,29952,6078,1775,1440,1317,2681,1994,5409,2564,1479,1250,823,703,29971,29972,29972,29973,29972,29973,29973,29974,29973,29975,29975,29975,29971,29976,29971,29970]} 1. d4 Nf6 2. Nf3 e6 3. Bf4 d5 4. e3 Bd6 5. Bg3 O-O 6. Nbd2 c5 7. c3 Nc6 8. Bd3 Ne7 {D02: 1 d4 d5 2 Nf3 sidelines, including 2...Nf6 3 g3 and 2...Nf6 3 Bf4} (8... h6 $11) (8... b6 9. Qe2 Bb7 10. Rd1 Re8 11. e4 Be7 12. e5 Nh5 13. h4 cxd4 14. Nxd4 Nxg3 15. fxg3 Bc5 16. N2f3 f5 {½-½ (45) Esipenko,A (2593)-Karjakin,S (2753) St Petersburg 2018}) 9. O-O b6 10. e4 $146 ({Predecessor:} 10. Ne5 Bb7 11. f4 Nf5 {0-1 (11) Benjumea Rave,J (1748)-Sierra Mejia,J (2096) Medellin 2017}) 10... Bxg3 {White is slightly better.} 11. hxg3 dxe4 12. Nxe4 Nxe4 13. Bxe4 Rb8 14. dxc5 bxc5 15. Qxd8 Rxd8 16. Rfd1 {[%cal Rd1d8]} Ba6 17. Rxd8+ Rxd8 18. Re1 Rd6 19. Bc2 f6 20. Rd1 Nd5 21. Rd2 g6 22. Be4 Kf7 23. g4 h6 24. b3 Ke7 25. c4 $36 {[%mdl 2048] White has good play.} Nc3 26. Bxg6 Bb7 27. Rc2 $1 {[%cal Rc2c3]} Be4 28. Rxc3 (28. Bxe4 $1 $16 Rd1+ 29. Kh2 Nxe4 30. Ng1) 28... Rd1+ $14 29. Kh2 Bxg6 {[%mdl 4096] Endgame KRB-KRN} 30. Re3 Kd6 31. Kg3 a5 32. Re2 Bd3 (32... Rc1 $11) 33. Rb2 (33. Rd2 $1 $16 {[%cal Rd2d1]} Rxd2 34. Nxd2) 33... a4 34. bxa4 Bxc4 35. Rd2+ Rxd2 36. Nxd2 $11 {KB-KN} Bd5 37. Kf4 {And now Ne4+ would win.} Kc6 $2 (37... Bxg2 $11 {and Black has nothing to worry.} 38. f3 Bh1) 38. Ne4 $18 Bxa2 39. Nxf6 c4 $2 (39... Bb3 {was worth a try.} 40. Ke5 Bxa4) 40. Ke3 Kc5 41. Ne4+ Kb4 42. Kd2 $1 {Strongly threatening Nc3.} Bb1 (42... e5 $18 43. a5 Kxa5) 43. Nc3 (43. Nd6 $1 $16) 43... Bh7 $11 44. f4 Bg6 45. g3 Bh7 46. Ne2 {With the idea a5!} Be4 $1 47. Nd4 c3+ 48. Kc1 Bd5 49. f5 e5 (49... exf5 $1 $11 50. gxf5 Kxa4) 50. Ne2 $1 $14 Bc4 {[#]} (50... Bb3 $14) 51. f6 (51. a5 $1 $18 {[%mdl 512]}) 51... Bf7 $2 {[%mdl 8192] [#]} (51... Bb3 $14) 52. a5 $1 {[%mdl 512]} Kxa5 53. Nxc3 Kb6 {[#]} 54. g5 $1 {[%cal Rg5h6][%mdl 512]} h5 {[#]} (54... hxg5 55. Ne4) 55. Nd5+ $1 {[%mdl 512]} Kc6 (55... Bxd5 56. g6) 56. Ne7+ Kd6 57. Nf5+ $2 (57. g6 $18 Be8 58. Nf5+ Ke6 59. f7 Bxf7 60. gxf7 Kxf7 61. Ne3) 57... Ke6 58. Ng7+ Kd5 59. Kd2 Ke4 60. Ke2 $1 Bg6 61. Kf2 $1 {Black must now prevent Ne6.} Kd5 $1 62. Nf5 Ke6 63. Nh4 Be8 64. Kg2 Bc6+ 65. Kh3 {Hoping for Nf5!} Bd7 {[#]} (65... Kf7 $16 {was necessary.} 66. Ng2 Be4) 66. Ng2 (66. Kh2 $1 $18) 66... Kf5 67. Kh4 Be8 $1 68. Ne3+ Ke4 $2 {[%mdl 8192]} (68... Ke6 $14 69. g4 hxg4 70. Kxg4 Bf7) 69. Nc4 $2 (69. g4 $18 hxg4 70. Kxg4) 69... Kd5 70. Nb6+ (70. g4 $16 hxg4 71. Ne3+ (71. Kxg4 Kxc4 72. Kf5 Kd5 $11) 71... Ke6 72. Kxg4) 70... Kd4 (70... Ke6 $11) 71. Nc8 $1 {[%cal Rc8d6]} e4 {[#] ...e3 is the strong threat.} 72. Ne7 $1 {aiming for g6.} e3 $2 {[%mdl 8192]} (72... Ke5 $16) 73. g6 $18 e2 74. f7 Bd7 75. f8=Q e1=Q 76. g7 Be6 77. Qf4+ (77. Qf3 $142 Qe4+ 78. Qxe4+ Kxe4 79. g8=Q Bxg8 80. Nxg8) 77... Kc3 78. Qf6+ Kb4 79. Qd4+ Kb3 80. g8=Q Qh1+ 81. Kg5 {Qb8+ would kill now.} Bxg8 82. Nxg8 h4 83. gxh4 {White mates.} Qg2+ 84. Qg4 Qd5+ 85. Kh6 Qd6+ 86. Qg6 Qf4+ 87. Qg5 Qf8+ 88. Kh7 Qf7+ 89. Kh8 Ka4 90. h5 {Accuracy: White = 45%, Black = 34%.} 1-0

[Event "9th HDBank Open 2019"]
[Site "Ho Chi Minh City"]
[Date "2019.03.08"]
[Round "2.13"]
[White "Chu, Wei Chao"]
[Black "Pascua, Haridas"]
[Result "1-0"]
[WhiteElo "2373"]
[BlackElo "2446"]
[Annotator "TA"]
[PlyCount "85"]
[EventDate "2019.03.07"]
[EventType "swiss"]
[EventCountry "VIE"]
[SourceTitle "playchess.com"]
[Source "ChessBase"]
[SourceQuality "1"]

{[%evp 18,85,48,48,111,82,97,96,98,84,115,103,114,60,62,72,66,70,65,68,58,56,55,51,68,68,83,54,59,45,95,93,116,123,116,108,114,74,64,54,43,26,31,20,530,512,43,0,0,0,0,0,0,0,0,0,0,0,0,0,240,228,233,223,4950,4870,2566,1807,1582,1484]} 1. d4 d6 2. Nf3 g6 3. c4 Bg7 4. Nc3 Nd7 5. e4 e5 6. Be2 Ngf6 7. O-O O-O 8. Qc2 c6 9. Rd1 Qc7 10. d5 {LiveBook: 12 Games} c5 {E94: King's Indian: Classical: 6 Be2 e5 7 0-0: Various Black 7th moves} (10... cxd5 $14 11. cxd5 (11. exd5 Nc5 $11) 11... a6) (10... cxd5 11. Nb5 Qb8 12. cxd5 Nc5 13. Nd2 a5 14. Nc4 Ncxe4 15. f3 Bd7 16. a4 Bxb5 17. axb5 Nc5 18. Nb6 {1-0 (42) Lenderman,A (2617)-Ivanchuk,V (2731) Tsaghkadzor 2015 CBM 166 [Pavlovic,M]}) 11. a3 a6 12. b4 $146 ({Predecessor:} 12. Rb1 b6 13. Ne1 Ne8 14. Be3 f5 15. f3 f4 16. Bf2 g5 17. b4 Nef6 18. Qa4 {1-0 (59) Mucha,M (2088)-Rogala,R (2037) Rewal 2010}) 12... b6 {White is better.} 13. Be3 Kh8 14. Rab1 Ng8 15. bxc5 ({White should play} 15. Rb3 $16) 15... Nxc5 $14 16. Na4 Rb8 17. Nxc5 bxc5 18. Rxb8 Qxb8 19. Rb1 Qc7 20. Qa4 $36 {[%mdl 2048] Black is under pressure.} Bf6 21. Bd2 Bd8 22. Bc3 f5 23. exf5 Bxf5 24. Rb2 Qc8 25. Qc6 Qxc6 26. dxc6 Be4 27. c7 (27. Rb8 {is interesting.} Kg7 28. Rb7+ Kf6 29. Rd7 Be7 30. Ra7) 27... Bxc7 28. Ng5 Nf6 29. Ne6 Rc8 $1 30. f4 Bb8 $2 {[%mdl 8192]} (30... Kg8 $11) 31. fxe5 $18 dxe5 $2 ({Better is} 31... Nd7 $18 32. Ng5 Bc6 33. exd6+ Kg8) 32. Rxb8 Rxb8 33. Bxe5 Rb1+ 34. Kf2 Rb6 35. Nxc5 ({Don't play} 35. Bxf6+ Kg8 $17) 35... Kg8 36. Nxe4 Nxe4+ $11 {[%mdl 4096] Endgame KRN-KB} 37. Ke3 Nc5 38. Kd4 Ne6+ $2 (38... Re6 $11 {and Black has nothing to worry.}) 39. Kd5 $18 {[%mdl 1024] White has strong compensation.} Kf7 40. c5 Rb3 $2 (40... Rb1 41. Kd6 (41. Bxa6 Rd1+ 42. Kc6 Rc1 $16) (41. Bg4 Nd8 $14) 41... Rb8) 41. Bc4 {White is clearly winning.} Rb1 {[#]} 42. Kd6 $1 Rd1+ {[#]} 43. Bd5 $1 {Precision: White = 63%, Black = 48%.} 1-0

[Event "9th HDBank Open 2019"]
[Site "Ho Chi Minh City"]
[Date "2019.03.08"]
[Round "2.14"]
[White "Taher, Yoseph Theolifus"]
[Black "Krishna Teja, N."]
[Result "1/2-1/2"]
[WhiteElo "2446"]
[BlackElo "2370"]
[Annotator "TA"]
[PlyCount "61"]
[EventDate "2019.03.07"]
[EventType "swiss"]
[EventCountry "VIE"]
[SourceTitle "playchess.com"]
[Source "ChessBase"]
[SourceQuality "1"]

{[%evp 9,61,0,0,0,4,-6,0,0,-3,0,-3,-10,11,13,16,7,12,14,4,9,22,20,33,24,49,43,53,45,60,0,0,0,0,-9,-7,-6,-8,-8,-8,-8,0,-6,0,0,0,0,0,0,0,0,0,0,0,0]} 1. d4 Nf6 2. Nc3 d5 3. Bf4 c5 4. e3 cxd4 5. exd4 a6 6. Nf3 {B13: Caro-Kann: Exchange Variation and Panov-Botvinnik Attack} (6. Bd3 Nc6 7. Nge2 Bg4 8. f3 Bh5 9. h4 Bg6 10. g4 e6 11. h5 Bxd3 12. Qxd3 h6 13. O-O-O {0-1 (50) Jobava,B (2646)-Nisipeanu,L (2657) Spilimbergo 2018}) 6... Nc6 7. Be2 Bg4 8. Ne5 Bxe2 9. Nxe2 e6 10. O-O Rc8 11. c3 $36 {[%mdl 2048] Black is under pressure.} Bd6 12. Nd3 O-O 13. Re1 $146 ({Predecessor:} 13. Bxd6 Qxd6 {1-0 (56) Boguszlavszkij,J (2240)-Kislik,E (2320) Hungary 2011}) 13... b5 14. Nc5 {[#] Hoping for Nb7.} Bxc5 15. dxc5 Ne4 16. Be3 Ne5 17. Bd4 Nc4 18. b3 e5 $1 {[%cal Re5d4]} 19. bxc4 ({White should play} 19. f3 $1 $14) 19... exd4 $11 {The position is equal.} 20. Qxd4 Rxc5 21. cxb5 axb5 22. Nf4 Rc4 23. Qxd5 Nxc3 24. Qe5 Qd4 25. g3 g6 26. Qxd4 Rxd4 27. Ne2 Nxe2+ 28. Rxe2 Ra8 29. Rb1 b4 30. Reb2 Kg7 31. Rxb4 {Accuracy: White = 78%, Black = 45%.} 1/2-1/2

[Event "9th HDBank Open 2019"]
[Site "Ho Chi Minh City"]
[Date "2019.03.08"]
[Round "2.15"]
[White "Raghunandan, Kaumandur Srihari"]
[Black "Liu, Guanchu"]
[Result "1/2-1/2"]
[WhiteElo "2352"]
[BlackElo "2445"]
[Annotator "TA"]
[PlyCount "81"]
[EventDate "2019.03.07"]
[EventType "swiss"]
[EventCountry "VIE"]
[SourceTitle "playchess.com"]
[Source "ChessBase"]
[SourceQuality "1"]

{[%evp 17,81,6,16,12,62,74,80,80,63,84,117,128,123,73,89,24,22,0,0,0,0,0,39,41,31,32,37,25,41,49,51,50,52,47,58,27,25,27,32,22,27,25,25,20,305,305,390,0,62,14,24,22,26,11,11,0,2,1,1,0,7,7,7,7,14,0]} 1. e4 c5 2. Nf3 Nc6 3. Bb5 g6 4. Bxc6 bxc6 5. O-O Bg7 6. Re1 Nh6 7. c3 O-O 8. d4 cxd4 9. cxd4 d5 10. e5 {B31: Sicilian: 2...Nc6 3 Bb5 g6} Bg4 (10... f6 11. Qc2 Bg4 12. Nbd2 Qb6 13. h3 fxe5 14. hxg4 Nxg4 15. Nc4 dxc4 16. Qxc4+ Kh8 17. Qe6 Rf5 {½-½ (64) Vidit,S (2707)-Gelfand,B (2695) Poikovsky 2018}) 11. Nbd2 $1 Qb6 12. h3 {White is better.} Bxf3 13. Nxf3 c5 14. dxc5 Qxc5 15. Bd2 $146 ({Predecessor:} 15. Be3 Qa5 16. Nd4 Rfc8 17. g4 Kh8 {½-½ (35) Shehzad,S (1972)-Soural,J (2213) Prague 2018}) 15... Qb6 16. b4 (16. Re3 $16) 16... Nf5 $11 17. Qb3 e6 18. Rac1 Rfc8 19. Qd3 Ne7 20. a4 a6 21. b5 axb5 22. axb5 d4 23. Rxc8+ Rxc8 24. Nxd4 Rd8 25. Be3 $1 $36 {[%mdl 2048] White has the initiative.} Qa5 26. Qe2 Bxe5 27. Nxe6 fxe6 28. Bg5 Rd5 {[#] And now ...Nf5 would win.} 29. Bxe7 {Strongly threatening Rb1.} Qxb5 30. Qf3 {[%csl Ge7][%cal Rf3f8]} Qe8 $2 {[%mdl 8192]} (30... Qb8 $11 {and Black has nothing to worry.}) 31. Bf6 $18 Qb5 32. h4 $2 ({Only move:} 32. Bxe5 $18 Rxe5 33. Qa8+ Kf7 34. Ra1) 32... Bd6 (32... Qb4 $11 33. Rxe5 Rxe5 34. Bxe5 (34. Qa8+ Kf7 $11) 34... Qe1+ {[%mdl 64] Double Attack} 35. Kh2 Qxe5+ 36. g3 h5) 33. Qe4 (33. Bc3 {looks sharper.} Rf5 34. Qa8+ Bf8 35. Qc8 Qb6 36. Qxe6+ Qxe6 37. Rxe6 Bc5 38. Be1) 33... Qd7 34. Bc3 Be7 35. g3 Rd1 {The position is equal.} 36. Rxd1 Qxd1+ 37. Kh2 Qd5 38. Qf4 Qf5 {With the idea ...Qxf4.} 39. Qd4 {[%csl Gc3][%cal Rd4g7] [#]} Kf7 40. Kg1 h5 41. Kg2 {Accuracy: White = 55%, Black = 40%.} 1/2-1/2

[Event "9th HDBank Open 2019"]
[Site "Ho Chi Minh City"]
[Date "2019.03.08"]
[Round "2.16"]
[White "Tokhirjonova, Gulrukhbegim"]
[Black "Wang, Shixu B"]
[Result "1-0"]
[WhiteElo "2434"]
[BlackElo "2362"]
[Annotator "TA"]
[PlyCount "93"]
[EventDate "2019.03.07"]
[EventType "swiss"]
[EventCountry "VIE"]
[SourceTitle "playchess.com"]
[Source "ChessBase"]
[SourceQuality "1"]

{[%evp 12,93,15,6,16,16,14,16,10,-6,0,-2,2,-5,0,-14,-19,-33,10,-25,1,-31,-29,-43,-40,-35,-11,-77,-65,-84,-79,-124,-120,-143,-33,-128,-51,-40,-14,-8,-8,-33,-28,-81,-53,-61,-61,-59,-10,-8,0,0,0,0,0,0,0,0,8,8,8,8,8,8,8,8,210,150,535,406,2377,1602,29971,29972,29972,29973,29973,29974,29974,29975,29975,29975,29973,29975]} 1. e4 e5 2. Nf3 Nc6 3. Bb5 Nf6 4. d3 Bc5 5. O-O d6 6. c3 O-O 7. Nbd2 Ne7 {C65: Ruy Lopez: Berlin Defence (3...Nf6), unusual lines and 4 0-0 Bc5} (7... a6 8. Bxc6 bxc6 9. d4 exd4 10. cxd4 Bb6 11. Qc2 Re8 12. Re1 c5 13. d5 Bg4 14. b3 Ba5 15. Re3 {½-½ (37) Vitiugov,N (2730)-Jakovenko,D (2748) Satka 2018}) 8. Re1 c6 9. Ba4 Ng6 {The position is equal.} 10. Nf1 Bb6 11. Ng3 d5 12. h3 h6 13. Qc2 Re8 14. b4 $146 ({Predecessor:} 14. Be3 Be6 15. Bxb6 Qxb6 {½-½ (33) Zajic,M (2482)-Mastrovasilis,A (2536) Porto Rio 2015}) 14... Be6 15. Rb1 a6 16. Bb3 Qd7 17. c4 Bc7 18. a4 Rad8 19. c5 (19. cxd5 $11 {remains equal.} cxd5 20. a5) 19... Nf4 $17 20. Bxf4 exf4 21. exd5 Nxd5 ({Much worse is} 21... fxg3 $6 22. dxe6 fxe6 23. d4 $11) 22. Bxd5 Bxd5 ({Better is} 22... Qxd5 $17 23. Ne2 Bxh3 $1 {[%mdl 512]}) 23. Ne4 {[#]} (23. Rxe8+ $1 $15 Rxe8 24. Ne4) 23... f5 (23... Be6 $1 $17 24. Rbd1 Qd5) 24. Ned2 $15 Rxe1+ 25. Rxe1 Re8 26. Qd1 g5 27. d4 (27. Nc4 $11) 27... Rxe1+ 28. Qxe1 g4 29. Ne5 Qg7 {Threatens to win with ...gxh3.} 30. hxg4 fxg4 31. Ndc4 g3 32. Nd6 gxf2+ 33. Qxf2 Bd8 34. Qe2 h5 35. Kf1 Qg5 36. Nf3 Qg6 37. Nxb7 Bf6 38. Nd6 Bxf3 $2 (38... Kh7 $11 {and Black stays safe.}) 39. gxf3 $18 Kg7 $2 (39... Kh7 $16) 40. Qg2 Qxg2+ (40... Bg5 $142 41. Ne4 Bd8) 41. Kxg2 {[%mdl 4096] Endgame KB-KN} Kf8 42. b5 {White mates.} axb5 43. axb5 cxb5 44. Nxb5 Ke7 45. d5 Kd8 46. c6 Be5 47. d6 {Accuracy: White = 54%, Black = 41%.} 1-0

[Event "9th HDBank Open 2019"]
[Site "Ho Chi Minh City"]
[Date "2019.03.08"]
[Round "2.17"]
[White "Li, Yankai"]
[Black "Fenil, Shah"]
[Result "1/2-1/2"]
[WhiteElo "2434"]
[BlackElo "2360"]
[Annotator "TA"]
[PlyCount "112"]
[EventDate "2019.03.07"]
[EventType "swiss"]
[EventCountry "VIE"]
[SourceTitle "playchess.com"]
[Source "ChessBase"]
[SourceQuality "1"]

{[%evp 12,112,31,6,22,11,15,0,10,8,19,0,7,7,39,40,40,48,40,50,52,45,30,38,44,37,47,43,48,51,67,12,112,112,113,113,113,114,113,1,165,90,129,128,146,131,273,273,374,97,93,96,106,102,102,84,155,78,70,65,79,8,151,49,42,8,8,8,8,8,8,8,8,8,114,8,8,8,8,8,8,8,8,0,8,8,8,8,8,8,8,8,8,8,8,0,0,0,0,0,0,0,0]} 1. d4 d5 2. c4 e6 3. Nf3 Nf6 4. g3 Be7 5. Bg2 O-O 6. O-O dxc4 7. Qc2 b6 {E05: Open Catalan: 5 Nf3 Be7} (7... a6 8. Qxc4 b5 9. Qc2 Bb7 10. Bd2 Be4 11. Qc1 Bb7 12. Rd1 Qc8 13. Ba5 c5 14. dxc5 Bxc5 15. Nbd2 Nbd7 16. Nb3 Ba7 17. Qf4 Nb6 18. Bxb6 Bxb6 19. Rac1 Qe8 20. Ne5 Bxg2 21. Kxg2 {½-½ (75) Ding,L (2813)-Radjabov,T (2757) Wijk aan Zee 2019}) 8. Qxc4 Bb7 9. Nc3 c5 10. dxc5 Qc8 $146 ({Predecessor:} 10... Bxc5 11. Bg5 Nbd7 12. Rad1 Rc8 13. Qh4 Qe7 14. e4 h6 15. Bc1 {½-½ (108) Antic,D (2478)-Livaic,L (2358) Skopje 2016}) 11. Bg5 Nbd7 12. Rac1 Qxc5 13. Qxc5 Nxc5 14. Ne5 Bxg2 15. Kxg2 Nd5 16. Bxe7 Nxe7 17. b4 Na6 18. a3 f6 19. Nf3 Nc7 20. Ne4 Ned5 21. Rc6 (21. Nd4 $14) 21... a5 (21... Rfd8 $11) 22. Nd6 $36 {[%mdl 2048] Black is under strong pressure.} axb4 23. e4 bxa3 24. exd5 Nxd5 25. Ra1 (25. Nd4 $1 $16) 25... a2 $2 (25... Rfd8 $1 $11 {and Black has nothing to worry.}) 26. Rc2 (26. Nd4 $1 $18) 26... Nb4 27. Rc4 Nd5 28. Nd4 $1 {[%cal Rd4e6]} e5 (28... Rfd8 $16 29. N6b5 Ra5) 29. Ne6 $18 Rfb8 30. Nc7 $2 (30. Rc2 $18 {is the precise move to win.}) 30... Nxc7 $16 31. Rxc7 b5 32. Rc2 $1 Ra6 33. Ne4 Ra4 (33... f5 $142) 34. Nd2 (34. Re2 $142 $1) 34... Rba8 35. Nb3 b4 36. Nc1 (36. Rb2 $1 $16) 36... Kf7 {[#]} (36... Ra3 $1 $11 {keeps the balance.}) 37. Raxa2 ({White should play} 37. Rb2 $1 $16) 37... Rxa2 $14 38. Rxa2 (38. Nxa2 {keeps more tension.} b3 39. Rc7+ Kg6 40. Nc3 Rb8 41. Nb1) 38... Rxa2 39. Nxa2 $16 {[%mdl 4096] Endgame KN-KP} b3 40. Nc3 {next Kf3 is good for White.} Ke6 41. Kf3 f5 42. Ke3 {Threatening Kd3.} Kd6 {[#]} (42... f4+ $11 {remains equal.} 43. Ke4 (43. gxf4 b2 $16) 43... fxg3 44. fxg3 (44. hxg3 h5 $11) 44... b2) 43. f4 ({Better is} 43. Kd3 $1 $16) 43... exf4+ $11 {The position is equal.} 44. gxf4 h6 45. Kd4 g5 46. Kc4 b2 47. Kb3 gxf4 {White must now prevent ...f3.} 48. Kxb2 {And now Kc2 would win. KN-K3P} f3 49. Nd1 Ke5 50. Kc3 {Strongly threatening Nf2.} f2 $1 {[%cal Rf2f1]} 51. Nxf2 {KN-KPP} Kf4 $1 52. Kd4 {Nd3+ is the strong threat.} Kf3 53. Ke5 {Hoping for Nd3.} Kxf2 54. Kxf5 Kf3 55. h4 {Threatening mate with h5.} h5 56. Kg5 Ke4 {Accuracy: White = 39%, Black = 49%.} 1/2-1/2

[Event "9th HDBank Open 2019"]
[Site "Ho Chi Minh City"]
[Date "2019.03.08"]
[Round "2.18"]
[White "Vo, Thi Kim Phung"]
[Black "Zhao, Yuanhe"]
[Result "1/2-1/2"]
[WhiteElo "2349"]
[BlackElo "2431"]
[Annotator "TA"]
[PlyCount "80"]
[EventDate "2019.03.07"]
[EventType "swiss"]
[EventCountry "VIE"]
[SourceTitle "playchess.com"]
[Source "ChessBase"]
[SourceQuality "1"]

{[%evp 15,80,35,47,0,-5,-27,-22,-43,-1,-6,-14,-23,-15,-28,-20,-14,0,-32,-34,-34,-6,-69,-29,-87,-72,-81,-83,-74,-44,-44,-43,-47,-47,-48,-42,-50,-47,-46,-43,-58,-59,-65,-62,-69,-47,-43,-41,-61,-52,-41,-33,-41,-45,-87,-10,-11,-12,-19,-7,-18,-8,-8,-8,-8,0,-3,0]} 1. d4 Nf6 2. c4 g6 3. Nc3 d5 4. Bg5 Ne4 5. cxd5 Nxc3 6. bxc3 Qxd5 7. Nf3 Bg7 8. Qb3 Be6 9. Qxd5 {D91: Grünfeld: 4 Nf3 Bg7 5 Bg5} (9. e3 $14) 9... Bxd5 $11 10. h4 $146 ({Predecessor:} 10. e3 c5 11. Bb5+ Nc6 12. O-O a6 13. Be2 h6 14. Bh4 cxd4 15. cxd4 g5 16. Bg3 O-O 17. a4 Rfc8 18. a5 Na7 19. Rac1 Nc6 20. Ra1 Na7 21. Rac1 Nc6 22. Ra1 Na7 {½-½ (22) Tilicheev,V (2408)-Ninov,V (2304) Sunny Beach 2015}) 10... c5 11. e3 h6 12. Bf4 Nc6 13. Bb5 O-O 14. O-O cxd4 15. cxd4 Rac8 16. Bxc6 Rxc6 17. Ne5 Rc3 18. Rfb1 (18. f3 $11) 18... Rfc8 19. a4 {[#]} (19. f3 $11) 19... g5 $1 {[%mdl 512]} 20. hxg5 hxg5 21. Bg3 Bxe5 (21... f6 {is more complex.} 22. Nd7 Be4 23. Re1 Bf5 24. Nc5 b6) 22. Bxe5 f6 23. Bg3 Be4 24. Rd1 a5 25. d5 Kf7 26. d6 exd6 27. Bxd6 R3c4 28. Bg3 Bc6 29. Rdb1 Kg6 30. f3 g4 31. e4 gxf3 32. gxf3 f5 33. exf5+ Kxf5 34. Be1 Rc2 ({Better is} 34... Bxf3 $17 {...Rc2 is the strong threat.} 35. Bd2 Bc6 36. Rf1+ Kg6) 35. Rc1 $1 {[%cal Rc1c2] The position is equal.} Rg8+ 36. Kf1 Rh2 37. Ra3 Kf6 {[#] And now ...Bd7 would win.} 38. Rc4 Rh1+ 39. Kf2 Rh2+ 40. Kf1 Rh1+ {Accuracy: White = 46%, Black = 46%.} 1/2-1/2

[Event "9th HDBank Open 2019"]
[Site "Ho Chi Minh City"]
[Date "2019.03.08"]
[Round "2.19"]
[White "Laylo, Darwin"]
[Black "Saravana, Krishnan P."]
[Result "1-0"]
[WhiteElo "2430"]
[BlackElo "2352"]
[Annotator "TA"]
[PlyCount "107"]
[EventDate "2019.03.07"]
[EventType "swiss"]
[EventCountry "VIE"]
[SourceTitle "playchess.com"]
[Source "ChessBase"]
[SourceQuality "1"]

{[%evp 9,107,-20,-18,-17,4,7,13,-31,-36,-31,-30,-37,7,-4,9,12,6,8,16,12,12,14,6,-5,9,0,18,15,18,0,48,12,13,23,22,22,19,20,17,25,20,0,0,0,0,0,0,0,0,-6,0,0,-1,-2,0,0,0,0,0,-6,0,0,10,10,10,10,10,10,20,20,20,19,19,11,19,0,547,518,1018,1026,898,881,2551,0,1891,1882,1773,1773,1644,1598,2556,2066,29962,29967,29977,29978,29980,29980,29980,29981]} 1. c4 e5 2. Nc3 Bb4 3. g3 Nf6 4. Bg2 O-O 5. d3 Re8 6. e4 {A22: English Opening: 1...e5 2 Nc3 Nf6} (6. Bd2 c6 7. Nf3 d5 8. O-O h6 9. Nxd5 Nxd5 10. cxd5 Bxd2 11. Nxd2 cxd5 12. Qb3 Be6 13. Qxb7 Nd7 14. Qa6 {1-0 (45) Gashimov,V (2746)-Topalov,V (2775) Monte Carlo 2011}) 6... c6 7. Nge2 d5 8. O-O {[%cal Re4d5] The position is equal.} dxc4 9. dxc4 Be6 $146 ({Predecessor:} 9... Nbd7 10. Qc2 Bf8 11. Rd1 Qc7 12. h3 a5 13. Be3 Nc5 {½-½ (74) Henneberg,I (2057)-Thinius,M (2389) Bad Zwesten 2004}) 10. b3 $1 Qc8 11. Qc2 Bh3 12. f3 Bxg2 13. Kxg2 Nbd7 14. a3 Bf8 15. Be3 Bc5 16. Qc1 Rd8 17. Rd1 Qc7 18. Na4 Be7 19. Ra2 Nb6 20. Nc5 Rxd1 21. Qxd1 Rd8 22. Rd2 Rxd2 23. Qxd2 Nbd7 24. Nxd7 Qxd7 25. Qxd7 (25. Qb2 {is interesting.} Qd3 26. Bxa7 Nd7 27. Nc1 Qd1 28. Qc3) 25... Nxd7 26. Bxa7 Bxa3 $11 {[%mdl 4096] Endgame KBN-KBN} 27. Be3 Kf8 28. Kf2 Ke7 29. Ke1 Nc5 30. Bxc5+ $1 Bxc5 {KB-KN} 31. Nc1 Kd6 32. Nd3 Bd4 33. Ke2 g6 34. f4 f6 35. Kf3 b5 36. f5 bxc4 37. bxc4 Bc3 38. h4 Bd2 39. fxg6 hxg6 40. g4 Ke6 41. Nc5+ Kf7 42. h5 Bh6 $2 {[%mdl 8192] [#]} (42... Bb4 $11 {and Black has nothing to worry.} 43. Nd7 Be7) 43. Nb7 $1 $18 {[%cal Rb7d8]} gxh5 (43... Bf8 $142 44. Nd8+ Ke8 45. Nxc6 Kd7) 44. gxh5 Ke6 45. Nd8+ Kd7 46. Nb7 $2 ({Only move:} 46. Nf7 $18 Bg7 47. h6) 46... Bd2 $2 {[%mdl 8192]} (46... Ke6 $11) 47. Kg4 Ke6 48. Nc5+ Kf7 49. Kf5 Kg7 50. Nd7 Bg5 {[#]} 51. Nxe5 $1 {[%mdl 512] White mates.} Be3 (51... fxe5 52. Kxg5) 52. Nxc6 Kh6 53. Nd8 Kxh5 54. Ne6 {Accuracy: White = 75%, Black = 32%.} 1-0